[Event "FRA-chT4 1314"]
[Site "Champagne Ardennes"]
[Date "2014.01.12"]
[Round "4"]
[White "Ramaioli, Stephane"]
[Black "Ramos, Vincent"]
[Result "1-0"]
[WhiteElo "1590"]
[BlackElo "1099"]
[PlyCount "59"]
[EventDate "2013.10.25"]
[EventType "team-tourn"]
[EventRounds "7"]
[EventCountry "FRA"]
[SourceTitle "EXT 2024"]
[Source "ChessBase"]
[SourceDate "2023.10.10"]
[SourceVersion "1"]
[SourceVersionDate "2023.10.10"]
[SourceQuality "1"]

1. d4 e6 2. c4 Nc6 3. Nf3 Bb4+ 4. Bd2 Nf6 5. a3 Bxd2+ 6. Qxd2 Ne4 7. Qc2 d5 8. e3 0-0 9. Bd3 f5 10. 0-0 b6 11. Nc3 Nxc3 12. Qxc3 Ba6 13. b4 dxc4 14. Bxc4 Bxc4 15. Qxc4 b5 16. Qxc6 Qe8 17. Qxc7 Qh5 18. Qd7 Rad8 19. Qxe6+ Qf7 20. Qxf7+ Rxf7 21. Ne5 Rc7 22. Nd3 Rc3 23. Nc5 Rxc5 24. dxc5 Rf8 25. Rfd1 f4 26. Rd7 fxe3 27. fxe3 Re8 28. c6 Rxe3 29. Rf1 Rxa3 30. Rd8# 1-0